| 000 | 00944pam a2200313 a 4500 | ||
|---|---|---|---|
| 999 |
_c2329 _d2329 |
||
| 001 | 006934728 | ||
| 003 | Uk | ||
| 005 | 20230414093649.0 | ||
| 008 | 040308s2004 enk j| 000 1|eng | ||
| 015 |
_aGBA4Y3678 _2bnb |
||
| 016 | 7 |
_a006934728 _2Uk |
|
| 020 | _a0746063032 | ||
| 039 | 0 | _a2784 | |
| 040 |
_aStDuBDS _dUk _dKH8 _cUK |
||
| 082 | 0 | 4 |
_a823.914 DAY _222 |
| 100 | 1 |
_aDaynes, Katie. _eAuthor |
|
| 245 | 1 | 4 |
_aThe elves and the shoemaker / _cretold by Katie Daynes ; illustrated by Desideria Guicciardini. |
| 260 |
_aLondon : _bUsborne, _c2004. |
||
| 300 |
_a48 p. : _bcol. ill. ; _c20cm. |
||
| 336 |
_atext _2rdacontent |
||
| 337 |
_aunmediated _2rdamedia |
||
| 338 |
_avolume _2rdacarrier |
||
| 490 | 1 | _aUsborne young reading. Series two | |
| 500 |
_aFormerly CIP. _5Uk |
||
| 655 | 0 | 7 |
_aFairy tales. _2gsafd |
| 655 | 0 | 7 |
_aChildren's stories. _2lcsh |
| 830 | 0 |
_aUsborne young reading. _nSeries two _pSeries two. |
|
| 942 |
_2ddc _cFIC |
||